000
00247nam a2200109Ia 4500
008
190912s9999||||xx |||||||||||||| ||und||
100
_a
Manuel G.
245
0
_a
Business Ethics
260
_a
USA
_b
Prentice Hall
_c
1992
300
_a
448
942
_c
BK
999
_c
7251
_d
7251